| 000 | 00455nam a2200157Ia 4500 | ||
|---|---|---|---|
| 008 | 230312s9999||||xx |||||||||||||| ||und|| | ||
| 020 | _a81-219-2325-5 | ||
| 082 |
_a621.382 _bKHA-D |
||
| 100 | _akhanna,V.K | ||
| 245 | 0 | _aDigital Signal Processing, Telecommunications and Multimedia technology | |
| 260 |
_bS.Chand _aIndia _c1999 |
||
| 300 | _a640 | ||
| 546 | _aEng. | ||
| 650 |
_aEngineering _vCommunication and Information Systems Overview |
||
| 942 | _cBK | ||
| 999 |
_c1396 _d1396 |
||